Universities and Regional Engagement : From the Exceptional to the Everyday.

This book presents a reconceptualision of universities' role in regional engagement and proposes a roadmap for a renewed research agenda. Starting from the grassroots level of universities' "everyday" engagements, the book delves into the manifold ways in which university knowled...

Full description

Bibliographic Details
Main Author: Iakovleva, Tatiana.
Other Authors: Thomas, Elisa., Nordstrand Berg, Laila., Pinheiro, Rómulo., Benneworth, Paul.
Format: eBook
Language:English
Published: Milton : Taylor & Francis Group, 2022.
Edition:1st ed.
Series:Regions and Cities Series
Subjects:
Online Access:Click to View
LEADER 02016nam a22004333i 4500
001 EBC7245338
003 MiAaPQ
005 20231204023229.0
006 m o d |
007 cr cnu||||||||
008 231204s2022 xx o ||||0 eng d
020 |a 9781000572995  |q (electronic bk.) 
020 |z 9780367713072 
035 |a (MiAaPQ)EBC7245338 
035 |a (Au-PeEL)EBL7245338 
035 |a (OCoLC)1378932735 
040 |a MiAaPQ  |b eng  |e rda  |e pn  |c MiAaPQ  |d MiAaPQ 
100 1 |a Iakovleva, Tatiana. 
245 1 0 |a Universities and Regional Engagement :  |b From the Exceptional to the Everyday. 
250 |a 1st ed. 
264 1 |a Milton :  |b Taylor & Francis Group,  |c 2022. 
264 4 |c ©2022. 
300 |a 1 online resource (247 pages) 
336 |a text  |b txt  |2 rdacontent 
337 |a computer  |b c  |2 rdamedia 
338 |a online resource  |b cr  |2 rdacarrier 
490 1 |a Regions and Cities Series 
520 |a This book presents a reconceptualision of universities' role in regional engagement and proposes a roadmap for a renewed research agenda. Starting from the grassroots level of universities' "everyday" engagements, the book delves into the manifold ways in which university knowledge agents build connections with regional partners. 
588 |a Description based on publisher supplied metadata and other sources. 
590 |a Electronic reproduction. Ann Arbor, Michigan : ProQuest Ebook Central, 2023. Available via World Wide Web. Access may be limited to ProQuest Ebook Central affiliated libraries.  
655 4 |a Electronic books. 
700 1 |a Thomas, Elisa. 
700 1 |a Nordstrand Berg, Laila. 
700 1 |a Pinheiro, Rómulo. 
700 1 |a Benneworth, Paul. 
776 0 8 |i Print version:  |a Iakovleva, Tatiana  |t Universities and Regional Engagement  |d Milton : Taylor & Francis Group,c2022  |z 9780367713072 
797 2 |a ProQuest (Firm) 
830 0 |a Regions and Cities Series 
856 4 0 |u https://ebookcentral.proquest.com/lib/matrademy/detail.action?docID=7245338  |z Click to View